[Event "Landsturneringen NM i sjakk 2013"]
[Site "Radisson Blu Lillehammer Hotel"]
[Date "2013.06.29"]
[Round "4"]
[White "Utsi, Nils R"]
[Black "Hope, Lars"]
[Result "1-0"]
[WhiteElo "1151"]
[BlackElo "1093"]
[PlyCount "57"]
[EventDate "2013.??.??"]

1. e4 d6 2. f4 g6 3. Nf3 Bg7 4. c3 Nf6 5. e5 dxe5 6. fxe5 Ng4 7. d4 e6 8. h3
Nh6 9. Bc4 c6 10. O-O b6 11. Bf4 Ba6 12. Bxa6 Nxa6 13. Qd2 Nf5 14. g4 Ne7 15.
Bh6 Bxh6 16. Qxh6 Kd7 17. Ng5 Qf8 18. Qxf8 Raxf8 19. Nxf7 Rhg8 20. Nd2 Nf5 21.
gxf5 Rxf7 22. f6 Nc7 23. Ne4 h6 24. Nd6 Rff8 25. Rf3 Nd5 26. Raf1 Nxf6 27. Rxf6
Ke7 28. Rf7+ Rxf7 29. Rxf7+ 1-0

[Event "Landsturneringen NM i sjakk 2013"]
[Site "Radisson Blu Lillehammer Hotel"]
[Date "2013.06.29"]
[Round "4"]
[White "Aasen, Oddvar"]
[Black "Knutsen, Pål Egil"]
[Result "1-0"]
[WhiteElo "1130"]
[BlackElo "1270"]
[PlyCount "71"]
[EventDate "2013.??.??"]

1. Nc3 d5 2. e4 d4 3. Nce2 e5 4. Ng3 Nf6 5. Nf3 Bg4 6. Bc4 Bxf3 7. Qxf3 Nc6 8.
O-O Na5 9. d3 Nxc4 10. dxc4 g6 11. Bg5 Bg7 12. Rad1 c5 13. c3 Qe7 14. Qe2 h6
15. Bh4 Qe6 16. Bxf6 Bxf6 17. cxd4 exd4 18. b3 h5 19. f4 h4 20. f5 Qe5 21. Nh1
Bg5 22. Qg4 Be3+ 23. Nf2 g5 24. Kh1 Bxf2 25. Rxf2 f6 26. Rd3 Kd7 27. Kg1 Rae8
28. Re2 Rh7 29. g3 Reh8 30. a3 Kd6 31. a4 a5 32. Rf2 hxg3 33. Qxg3 Rh4 34. Re2
Rxe4 35. Rxe4 Qxg3+ 36. hxg3 1-0

[Event "Landsturneringen NM i sjakk 2013"]
[Site "Radisson Blu Lillehammer Hotel"]
[Date "2013.06.29"]
[Round "4"]
[White "Nilsen, Helmer"]
[Black "Nordmark, Oddvar"]
[Result "0-1"]
[WhiteElo "1198"]
[BlackElo "1258"]
[PlyCount "60"]
[EventDate "2013.??.??"]

1. f4 d5 2. Nf3 Nf6 3. e3 e6 4. Bd3 Be7 5. Nc3 O-O 6. b3 a6 7. Bb2 b5 8. Ne5
Bb7 9. Ne2 c5 10. c3 Nbd7 11. Ng3 g6 12. Qc2 Nxe5 13. fxe5 Nd7 14. c4 dxc4 15.
bxc4 b4 16. Be4 Qc7 17. d4 Bxe4 18. Qxe4 cxd4 19. O-O dxe3 20. Qf4 Bc5 21. Rf3
Rad8 22. Ne4 e2+ 23. Kh1 Nb6 24. Nf6+ Kh8 25. h3 Rd1+ 26. Rxd1 exd1=Q+ 27. Rf1
g5 28. Qxg5 Qxf1+ 29. Kh2 Qg1+ 30. Kg3 Qe3+ 0-1

[Event "Landsturneringen NM i sjakk 2013"]
[Site "Radisson Blu Lillehammer Hotel"]
[Date "2013.06.29"]
[Round "5"]
[White "Stabbetorp, Hans"]
[Black "Kringstad, Svein Erik"]
[Result "1-0"]
[WhiteElo "1415"]
[BlackElo "1099"]
[PlyCount "41"]
[EventDate "2013.??.??"]

1. d4 c5 2. c3 d5 3. Nf3 Bg4 4. Nbd2 Nc6 5. h3 Bh5 6. dxc5 e5 7. Qa4 f6 8. b4
Rc8 9. e3 a6 10. Be2 Qd7 11. Nxe5 Nxe5 12. Qxd7+ Nxd7 13. Bxh5+ g6 14. Bf3 Ne7
15. Bb2 Bg7 16. c4 dxc4 17. Nxc4 O-O 18. Nd6 Rb8 19. Bxb7 Rfd8 20. a3 Nf8 21.
Bxa6
1-0

[Event "Landsturneringen NM i sjakk 2013"]
[Site "Radisson Blu Lillehammer Hotel"]
[Date "2013.06.29"]
[Round "5"]
[White "Knutsen, Pål Egil"]
[Black "Nilsen, Helmer"]
[Result "1-0"]
[WhiteElo "1270"]
[BlackElo "1198"]
[PlyCount "61"]
[EventDate "2013.??.??"]

1. c4 e5 2. Nc3 d6 3. g3 Nc6 4. Bg2 f5 5. e3 Nf6 6. Nge2 Be6 7. b3 Nb4 8. d3
Nc6 9. O-O Be7 10. Nd5 Qd7 11. Nec3 a6 12. Nxe7 Kxe7 13. Nd5+ Kf7 14. Nxf6 Kxf6
15. d4 exd4 16. exd4 d5 17. Bb2 h5 18. Qf3 Ne7 19. Rfe1 g5 20. Re2 g4 21. Qe3
Ng6 22. Rae1 Rae8 23. Bc1 f4 24. gxf4 h4 25. f5 Bxf5 26. Qg5+ Kg7 27. Rxe8 Rxe8
28. Qh6+ Kg8 29. Bxd5+ Re6 30. Bxe6+ Bxe6 31. Qxg6+ 1-0

[Event "Landsturneringen NM i sjakk 2013"]
[Site "Radisson Blu Lillehammer Hotel"]
[Date "2013.06.29"]
[Round "6"]
[White "Frydendal, Odd"]
[Black "Gulliksen, Leif"]
[Result "0-1"]
[WhiteElo "1440"]
[BlackElo "1323"]
[PlyCount "50"]
[EventDate "2013.??.??"]

1. e4 c5 2. Nf3 d6 3. d4 cxd4 4. Nxd4 Nf6 5. Nc3 a6 6. Be2 e5 7. Nf3 b5 8. a3
Bb7 9. Bg5 Nbd7 10. Qd2 Be7 11. Rd1 O-O 12. Bd3 Re8 13. Qe2 Rc8 14. O-O h6 15.
Bc1 Nb6 16. h3 Bf8 17. Nh2 Qc7 18. Kh1 d5 19. f4 dxe4 20. Nxe4 Nxe4 21. Bxe4
exf4 22. Bxf4 Qe7 23. Qf2 Qxe4 24. Bxh6 Qg6 25. Rd4 Bc5 0-1

[Event "Landsturneringen NM i sjakk 2013"]
[Site "Radisson Blu Lillehammer Hotel"]
[Date "2013.06.29"]
[Round "6"]
[White "Simonsen, Steinar"]
[Black "Utsi, Nils R"]
[Result "1-0"]
[WhiteElo "1364"]
[BlackElo "1151"]
[PlyCount "47"]
[EventDate "2013.??.??"]

1. e4 e6 2. d4 d5 3. exd5 exd5 4. Nc3 Nf6 5. Nf3 Bb4 6. Bd2 O-O 7. Be2 Re8 8.
O-O Bxc3 9. Bxc3 Nc6 10. h3 a5 11. Re1 Ne4 12. Rb1 h5 13. Bd3 Bf5 14. Bb5 Nxc3
15. bxc3 Rxe1+ 16. Nxe1 Qg5 17. Qf3 Be4 18. Qg3 Qd2 19. Bd3 Re8 20. Nf3 Bxf3
21. Qxf3 Re1+ 22. Rxe1 Qxe1+ 23. Kh2 Qxc3 24. Bh7+ 1-0

[Event "Landsturneringen NM i sjakk 2013"]
[Site "Radisson Blu Lillehammer Hotel"]
[Date "2013.06.29"]
[Round "6"]
[White "Yggeseth, Øistein"]
[Black "Urdal, Jarle"]
[Result "0-1"]
[WhiteElo "1198"]
[BlackElo "1450"]
[PlyCount "48"]
[EventDate "2013.??.??"]

1. e4 c6 2. d4 d5 3. Nc3 dxe4 4. Nxe4 Bf5 5. Ng3 Bg6 6. Nf3 Nd7 7. Be2 e6 8. c3
Qc7 9. O-O Bd6 10. Bd3 Bxd3 11. Qxd3 Ngf6 12. Ne4 Nxe4 13. Qxe4 Nf6 14. Qh4 h6
15. g3 O-O-O 16. Bf4 g5 17. Bxd6 Qxd6 18. Nxg5 hxg5 19. Qxg5 Qe7 20. a4 Rd5 21.
Qd2 Ne4 22. Qd3 Ng5 23. b4 Qf6 24. b5 Nf3+ 0-1

[Event "Landsturneringen NM i sjakk 2013"]
[Site "Radisson Blu Lillehammer Hotel"]
[Date "2013.06.29"]
[Round "6"]
[White "Skarsbø, Einar"]
[Black "Knutsen, Pål Egil"]
[Result "0-1"]
[WhiteElo "1109"]
[BlackElo "1270"]
[PlyCount "26"]
[EventDate "2013.??.??"]

1. e4 c5 2. Nf3 e6 3. d4 cxd4 4. Nxd4 a6 5. Nc3 Qc7 6. Bd3 Bc5 7. Nf3 b5 8. O-O
Nc6 9. Re1 Nf6 10. h3 Bb7 11. a3 h5 12. Qe2 Ng4 13. g3 Qxg3+ 0-1

[Event "Landsturneringen NM i sjakk 2013"]
[Site "Radisson Blu Lillehammer Hotel"]
[Date "2013.06.29"]
[Round "7"]
[White "Thonstad, Tore"]
[Black "Frydendal, Odd"]
[Result "0-1"]
[WhiteElo "1311"]
[BlackElo "1440"]
[PlyCount "76"]
[EventDate "2013.??.??"]

1. d4 Nf6 2. c4 c5 3. d5 b5 4. e3 bxc4 5. Bxc4 d6 6. Nc3 g6 7. Nge2 Bg7 8. O-O
O-O 9. h3 Nbd7 10. f4 a6 11. Bd3 Nb6 12. Bc2 e6 13. dxe6 fxe6 14. Bb3 c4 15.
Bc2 Qc7 16. Nd4 e5 17. Nf3 Bb7 18. e4 Qc5+ 19. Kh1 Nh5 20. Qe1 exf4 21. Kh2
Rae8 22. Nd2 d5 23. Bd1 Ng3 24. Rf3 Nxe4 25. Ndxe4 dxe4 26. Rf1 e3 27. Bf3 Bxf3
28. Rxf3 g5 29. Ne2 h5 30. Rb1 Qf5 31. Ra1 Qe5 32. Qb4 g4 33. hxg4 hxg4 34. Rf1
f3+ 35. Ng3 Re6 36. gxf3 Rh6+ 37. Kg2 Rh3 38. f4 Qd5+ 0-1

[Event "Landsturneringen NM i sjakk 2013"]
[Site "Radisson Blu Lillehammer Hotel"]
[Date "2013.06.29"]
[Round "7"]
[White "Gundersen, Arvid"]
[Black "Runde, Per Steinar"]
[Result "0-1"]
[WhiteElo "1455"]
[BlackElo "1409"]
[PlyCount "71"]
[EventDate "2013.??.??"]

1. d4 d5 2. c4 e6 3. Nc3 Nf6 4. cxd5 exd5 5. Bg5 c6 6. Qc2 Be6 7. e3 Nbd7 8.
Bd3 Qa5 9. Nge2 Bd6 10. Bf4 Be7 11. O-O O-O 12. a3 Qd8 13. b4 a6 14. Rab1 h6
15. a4 b5 16. f3 Nh5 17. Bg3 Nxg3 18. Nxg3 Nb6 19. Rfd1 Nc4 20. Bxc4 bxc4 21.
b5 a5 22. e4 Qd7 23. bxc6 Qxc6 24. exd5 Bxd5 25. Nxd5 Qxd5 26. Rb5 Qd7 27. Qxc4
Rfc8 28. Qd3 Bb4 29. Ne4 Qa7 30. Kh1 Rc7 31. g3 Rac8 32. d5 f5 33. Nd2 Bxd2 34.
Qxd2 Rc2 35. Qe1 Qf2 36. d6 0-1

[Event "Landsturneringen NM i sjakk 2013"]
[Site "Radisson Blu Lillehammer Hotel"]
[Date "2013.06.29"]
[Round "7"]
[White "Knutsen, Pål Egil"]
[Black "Kringstad, Svein Erik"]
[Result "1/2-1/2"]
[WhiteElo "1270"]
[BlackElo "1099"]
[PlyCount "63"]
[EventDate "2013.??.??"]

1. c4 c5 2. g3 g6 3. Nc3 Bg7 4. e3 Nc6 5. Nge2 e6 6. Bg2 Nge7 7. d4 cxd4 8.
exd4 d5 9. cxd5 exd5 10. Bg5 f6 11. Be3 Be6 12. Qd2 Qd7 13. Nf4 Bf7 14. h4 h5
15. Bh3 f5 16. Nd3 Bxd4 17. Bxd4 Nxd4 18. Ne5 Nec6 19. O-O-O Qd8 20. Nxc6 Nxc6
21. Rhe1+ Kf8 22. Bg2 Ne7 23. Nxd5 Nxd5 24. Bxd5 Qc7+ 25. Kb1 Rd8 26. Qb4+ Kg7
27. Bxf7 Rxd1+ 28. Rxd1 Qxf7 29. Rd6 Kh7 30. Qd4 Re8 31. Qd2 Re7 32. Rd8
1/2-1/2

[Event "Landsturneringen NM i sjakk 2013"]
[Site "Radisson Blu Lillehammer Hotel"]
[Date "2013.06.29"]
[Round "7"]
[White "Utsi, Nils R"]
[Black "Skaug, Thorbjørn"]
[Result "0-1"]
[WhiteElo "1151"]
[BlackElo "1190"]
[PlyCount "22"]
[EventDate "2013.??.??"]

1. e4 e6 2. f4 a6 3. Nf3 b5 4. d4 Bb7 5. Bd3 Nf6 6. e5 Nd5 7. O-O c5 8. b3 cxd4
9. Nxd4 Bc5 10. Be2 Qb6 11. Be3 Nxe3 0-1

[Event "Landsturneringen NM i sjakk 2013"]
[Site "Radisson Blu Lillehammer Hotel"]
[Date "2013.06.29"]
[Round "7"]
[White "Petterson, Tor"]
[Black "Gabrielsen, Øyvind"]
[Result "0-1"]
[WhiteElo "1114"]
[BlackElo "1463"]
[PlyCount "72"]
[EventDate "2013.??.??"]

1. e4 e5 2. Bc4 Nc6 3. c3 Nf6 4. d3 d5 5. exd5 Nxd5 6. h3 Be6 7. Nf3 h6 8. O-O
Qd7 9. Qe2 Bd6 10. Nh2 O-O-O 11. b4 g5 12. Qf3 Be7 13. Be3 Kb8 14. Rd1 h5 15.
Bxd5 Bxd5 16. Qe2 Rdg8 17. f3 f5 18. g4 hxg4 19. hxg4 Rh3 20. c4 Be6 21. Kg2
Rgh8 22. Rh1 fxg4 23. Nd2 gxf3+ 24. Nhxf3 g4 25. Rxh3 Rxh3 26. Nh2 Bxb4 27. Ne4
Qh7 28. Rh1 Qh4 29. Bf2 Qh5 30. Ng3 Qg6 31. Nhf1 Qh7 32. Ne3 Rxh1 33. Nxh1 Qh3+
34. Kg1 Nd4 35. Qd1 Nf3+ 36. Qxf3 gxf3 0-1

[Event "Landsturneringen NM i sjakk 2013"]
[Site "Radisson Blu Lillehammer Hotel"]
[Date "2013.06.29"]
[Round "7"]
[White "Skarsbø, Einar"]
[Black "Guerrero, Ruben"]
[Result "0-1"]
[WhiteElo "1109"]
[BlackElo "993"]
[PlyCount "47"]
[EventDate "2013.??.??"]

1. e4 c5 2. Nf3 Nc6 3. d4 cxd4 4. Nxd4 e5 5. Nb5 d6 6. Bc4 a6 7. N5c3 Nf6 8.
O-O Be7 9. Nd2 O-O 10. f4 b5 11. Bd5 Bg4 12. Qe1 Rc8 13. h3 Be6 14. f5 Bxd5 15.
exd5 Nd4 16. Qd1 b4 17. Ne2 Nxc2 18. Nb3 Nxa1 19. Nxa1 a5 20. Be3 Rc4 21. Ng3
Qa8 22. Nh5 Nxd5 23. Bh6 gxh6 24. Qg4+ 0-1

[Event "Landsturneringen NM i sjakk 2013"]
[Site "Radisson Blu Lillehammer Hotel"]
[Date "2013.06.29"]
[Round "7"]
[White "Østgaard, Pål Inge"]
[Black "Yggeseth, Øistein"]
[Result "0-1"]
[WhiteElo "1377"]
[BlackElo "1198"]
[PlyCount "76"]
[EventDate "2013.??.??"]

1. e4 c5 2. Nf3 d6 3. d4 cxd4 4. Nxd4 Nf6 5. Nc3 e5 6. Nb3 a6 7. a4 Be7 8. Be2
O-O 9. O-O Nc6 10. Be3 Be6 11. Bf3 Nb4 12. Nd5 Nbxd5 13. exd5 Bf5 14. Be2 Qc8
15. c4 Bg4 16. f3 Bd7 17. Nd2 Rb8 18. a5 Bd8 19. Bf2 b6 20. axb6 Bxb6 21. Qc1
Bxf2+ 22. Rxf2 Rb6 23. Qc3 Qb7 24. b3 Rc8 25. Bd3 Nxd5 26. Bxh7+ Kxh7 27. Qd3+
Kg8 28. cxd5 Rc5 29. Rb1 Rxd5 30. Qe3 a5 31. Rff1 Bb5 32. Rfc1 Rc6 33. Nc4 Qc7
34. Na3 Rxc1+ 35. Rxc1 Qb7 36. Nc4 Rc5 37. Nxd6 Rxc1+ 38. Qxc1 Qb6+ 0-1

[Event "Landsturneringen NM i sjakk 2013"]
[Site "Radisson Blu Lillehammer Hotel"]
[Date "2013.06.29"]
[Round "8"]
[White "Guerrero, Ruben"]
[Black "Yggeseth, Øistein"]
[Result "0-1"]
[WhiteElo "993"]
[BlackElo "1198"]
[PlyCount "66"]
[EventDate "2013.??.??"]

1. d4 Nf6 2. c4 e6 3. Nc3 Bb4 4. Bd2 O-O 5. a3 Bxc3 6. Bxc3 d5 7. Bb4 Re8 8. c5
a5 9. Bc3 b6 10. b4 Ne4 11. Bb2 axb4 12. axb4 Rxa1 13. Qxa1 bxc5 14. dxc5 f6
15. h4 Nc6 16. Qa3 f5 17. b5 Ne7 18. Rh3 Ng6 19. f3 Nf6 20. h5 Nf8 21. Be5 N6d7
22. Bb2 Qe7 23. Rg3 e5 24. Qb3 Qxc5 25. Ba3 Qc4 26. Qb1 Qc3+ 27. Kf2 Qxa3 28.
Qxf5 Qe7 29. Qd3 Nf6 30. h6 g6 31. e3 Bf5 32. Qc3 d4 33. Bc4+ Be6 0-1

[Event "Landsturneringen NM i sjakk 2013"]
[Site "Radisson Blu Lillehammer Hotel"]
[Date "2013.06.29"]
[Round "8"]
[White "Hope, Lars"]
[Black "Skarsbø, Einar"]
[Result "1-0"]
[WhiteElo "1093"]
[BlackElo "1109"]
[PlyCount "51"]
[EventDate "2013.??.??"]

1. d4 d5 2. c4 c6 3. Nc3 dxc4 4. a4 g6 5. e4 Nf6 6. Bxc4 e6 7. Nf3 Bg7 8. O-O
O-O 9. Bg5 Qe8 10. Re1 h6 11. Bf4 Qd8 12. Qd2 Na6 13. Bxa6 bxa6 14. a5 Ne8 15.
Bxh6 Nc7 16. Bxg7 Kxg7 17. Na4 Rb8 18. Nc5 Nb5 19. Rad1 Rh8 20. Qf4 Nd6 21. b3
Rb5 22. Ne5 Rh4 23. Qg3 g5 24. Nxc6 Qf6 25. e5 Qf5 26. Ne7 1-0

[Event "Landsturneringen NM i sjakk 2013"]
[Site "Radisson Blu Lillehammer Hotel"]
[Date "2013.06.29"]
[Round "9"]
[White "Syvertsen, Finn"]
[Black "Nordmark, Oddvar"]
[Result "1/2-1/2"]
[WhiteElo "1274"]
[BlackElo "1258"]
[PlyCount "84"]
[EventDate "2013.??.??"]

1. e4 e5 2. Nf3 Nc6 3. Bb5 a6 4. Ba4 Nf6 5. O-O b5 6. Bb3 Be7 7. Re1 d6 8. Bd5
Nxd5 9. exd5 Na7 10. h3 O-O 11. d4 exd4 12. Nxd4 Bb7 13. Nf5 Bf6 14. Nc3 Bxc3
15. bxc3 Qf6 16. Qg4 Rfe8 17. Be3 Qg6 18. Qf3 Re5 19. g4 Bxd5 20. Ne7+ Rxe7 21.
Qxd5 c6 22. Qd2 c5 23. Re2 Rae8 24. Rd1 Re6 25. Rde1 h5 26. Qd3 hxg4 27. Qxg6
Rxg6 28. h4 Nc6 29. Bf4 Rxe2 30. Rxe2 d5 31. h5 Re6 32. Rd2 Re4 33. Bd6 d4 34.
Bxc5 dxc3 35. Rd6 Re6 36. Rxe6 fxe6 37. Kg2 a5 38. Kg3 Nb4 39. Bxb4 axb4 40.
Kxg4 Kf8 41. Kg5 Ke7 42. Kg6 Kf8 1/2-1/2

[Event "Landsturneringen NM i sjakk 2013"]
[Site "Radisson Blu Lillehammer Hotel"]
[Date "2013.06.29"]
[Round "9"]
[White "Skarsbø, Einar"]
[Black "Skjæveland, Olav"]
[Result "0-1"]
[WhiteElo "1109"]
[BlackElo "1173"]
[PlyCount "42"]
[EventDate "2013.??.??"]

1. e4 d6 2. d4 c6 3. c4 Nf6 4. Nc3 e5 5. dxe5 Ng4 6. exd6 Bxd6 7. g3 O-O 8. Bg2
Nxf2 9. Kxf2 Qf6+ 10. Qf3 Bc5+ 11. Be3 Bxe3+ 12. Kxe3 Qe7 13. Nh3 Nd7 14. Rhe1
Ne5 15. Qd1 Bg4 16. Re2 Rad8 17. Qf1 Qc5+ 18. Kf4 Rd6 19. Qg1 Rf6+ 20. Kg5 h6+
21. Kh4 Qe7 0-1

[Event "Landsturneringen NM i sjakk 2013"]
[Site "Radisson Blu Lillehammer Hotel"]
[Date "2013.06.29"]
[Round "9"]
[White "Wister, Finn Arild"]
[Black "Stabbetorp, Hans"]
[Result "0-1"]
[WhiteElo "1295"]
[BlackElo "1415"]
[PlyCount "118"]
[EventDate "2013.??.??"]

1. b4 Nf6 2. Bb2 e6 3. b5 d5 4. e3 Be7 5. Nf3 O-O 6. c4 a6 7. a4 dxc4 8. Bxc4
axb5 9. axb5 Rxa1 10. Bxa1 b6 11. O-O Bb7 12. d4 Nbd7 13. Nbd2 Qa8 14. Bc3 Ne4
15. Nxe4 Bxe4 16. Be2 Qd5 17. Qd2 Bxf3 18. Bxf3 Qxb5 19. Ra1 Nf6 20. Ra7 Qb1+
21. Qe1 Qxe1+ 22. Bxe1 Bd6 23. e4 e5 24. Bc3 exd4 25. Bxd4 Re8 26. e5 Bxe5 27.
Bxe5 Rxe5 28. Kf1 Re7 29. Ra8+ Re8 30. Ra7 Re7 31. Ra8+ Ne8 32. Bc6 Kf8 33. Rc8
f6 34. Bxe8 Rxe8 35. Rxc7 Re6 36. Rb7 h5 37. Rc7 Kg8 38. Rc4 Kf7 39. h4 Kg6 40.
g4 b5 41. Rb4 Re5 42. Kg2 Kf7 43. Kg3 Ke6 44. gxh5 Rxh5 45. Rg4 g5 46. Rb4
gxh4+ 47. Kg4 Rc5 48. f4 Kd6 49. Kxh4 Kc6 50. Kg4 f5+ 51. Kg5 Kb6 52. Rb1 Ka5
53. Re1 b4 54. Re5 Kb5 55. Kxf5 b3 56. Kg6 Rxe5 57. fxe5 b2 58. e6 b1=Q+ 59.
Kf7 Qf5+ 0-1

[Event "Landsturneringen NM i sjakk 2013"]
[Site "Radisson Blu Lillehammer Hotel"]
[Date "2013.06.29"]
[Round "9"]
[White "Yggeseth, Øistein"]
[Black "Ringstad, Kjell"]
[Result "0-1"]
[WhiteElo "1198"]
[BlackElo "933"]
[PlyCount "82"]
[EventDate "2013.??.??"]

1. e4 e5 2. Nf3 Nc6 3. Bb5 a6 4. Ba4 b5 5. Bb3 Nf6 6. O-O Be7 7. Re1 O-O 8. c3
d5 9. exd5 Nxd5 10. Nxe5 Nxe5 11. Rxe5 Nf6 12. Re1 Bd6 13. h3 Re8 14. d4 h6 15.
Nd2 Bb7 16. f3 Qd7 17. Bc2 Rxe1+ 18. Qxe1 Re8 19. Qf2 Nh5 20. Nf1 Qe6 21. Bd2
Qe2 22. Re1 Qxf2+ 23. Kxf2 Rxe1 24. Kxe1 c5 25. Be4 Bc8 26. g4 Nf6 27. h4 Nxe4
28. fxe4 Bxg4 29. e5 Be7 30. Ne3 Bxh4+ 31. Kf1 Bg5 32. Nxg4 Bxd2 33. dxc5 h5
34. Nf2 Be3 35. b4 Kf8 36. Ne4 Ke7 37. Ke2 Bf4 38. Kd3 Bxe5 39. c4 h4 40. Ng5
f6 41. Nf3 g5 0-1

[Event "Landsturneringen NM i sjakk 2013"]
[Site "Radisson Blu Lillehammer Hotel"]
[Date "2013.06.29"]
[Round "9"]
[White "Østgaard, Pål Inge"]
[Black "Guerrero, Ruben"]
[Result "1-0"]
[WhiteElo "1377"]
[BlackElo "993"]
[PlyCount "75"]
[EventDate "2013.??.??"]

1. e4 c5 2. Nf3 e6 3. d4 d5 4. e5 a6 5. c3 Nc6 6. Nbd2 cxd4 7. cxd4 Nge7 8. Nb3
Qb6 9. Bd3 Bd7 10. O-O Rc8 11. Re1 Nb4 12. Bb1 Ba4 13. Re3 Nf5 14. Rc3 Nc6 15.
Bc2 Bb4 16. Nc5 Bxc2 17. Rxc2 Qa7 18. a3 Ba5 19. b4 Bc7 20. Bb2 O-O 21. Rac1
Rfd8 22. Nxb7 Qxb7 23. Rxc6 Bb6 24. Rxc8 Rxc8 25. Rc2 Rc4 26. g4 Qc8 27. Rxc4
dxc4 28. gxf5 exf5 29. Bc3 h6 30. Nd2 g5 31. Qe2 f4 32. Qf3 Qf5 33. h3 Qc2 34.
Nxc4 h5 35. Nxb6 Qf5 36. Nd5 g4 37. hxg4 hxg4 38. Nf6+ 1-0

[Event "Landsturneringen NM i sjakk 2013"]
[Site "Radisson Blu Lillehammer Hotel"]
[Date "2013.06.29"]
[Round "9"]
[White "Aasen, Oddvar"]
[Black "Hope, Lars"]
[Result "1/2-1/2"]
[WhiteElo "1130"]
[BlackElo "1093"]
[PlyCount "66"]
[EventDate "2013.??.??"]

1. Nc3 g6 2. d4 d6 3. Nf3 Bg7 4. e4 Nf6 5. Be2 O-O 6. O-O Nc6 7. Bg5 Qe8 8. Qd2
e5 9. d5 Ne7 10. Bh6 a6 11. Nh4 Ng4 12. Bxg7 Kxg7 13. f4 exf4 14. Qxf4 Ne5 15.
Qf6+ Kg8 16. Rf2 Bg4 17. Raf1 Bxe2 18. Nxe2 Ng4 19. Qg5 Nxf2 20. Rxf2 Rd8 21.
Ng3 f6 22. Qg4 Qd7 23. Nhf5 Nxf5 24. Rxf5 Qg7 25. Rf4 Rde8 26. h4 h5 27. Qf3
Re5 28. c3 Qh7 29. Rxf6 Rxf6 30. Qxf6 Qf7 31. Qf3 Qxf3 32. gxf3 Re8 33. Kg2 Kf7
1/2-1/2

[Event "Landsturneringen NM i sjakk 2013"]
[Site "Radisson Blu Lillehammer Hotel"]
[Date "2013.06.29"]
[Round "9"]
[White "Thonstad, Tore"]
[Black "Gabrielsen, Øyvind"]
[Result "*"]
[WhiteElo "1311"]
[BlackElo "1463"]
[PlyCount "82"]
[EventDate "2013.??.??"]

1. d4 f5 2. b3 Nf6 3. Nc3 e6 4. Nf3 Bb4 5. Bd2 O-O 6. a3 Be7 7. g3 d5 8. Bg2 c6
9. O-O Ne4 10. Nxe4 fxe4 11. Ne5 Nd7 12. Ng4 Bd6 13. Rc1 e5 14. Bb4 Bxb4 15.
axb4 exd4 16. Qxd4 Qe7 17. c4 Nc5 18. bxc5 Bxg4 19. e3 Rad8 20. b4 Qe6 21. cxd5
cxd5 22. b5 Be2 23. Rfe1 Bxb5 24. Bf1 Bc6 25. Ra1 a6 26. Reb1 Rf7 27. Bg2 Rdf8
28. Rf1 h5 29. Ra2 Rf3 30. Bxf3 Rxf3 31. Qb2 Qh3 32. Qb6 Rf6 33. Qc7 Bb5 34.
Rb1 Rf7 35. Qe5 Bc4 36. Rab2 Qc8 37. Qxh5 Qxc5 38. Rxb7 Rxb7 39. Rxb7 Qf8 40.
Qe5 Kh7 41. h4 Kg8 *